Kabale University Library Catalogue

Problems of democratic transition and consolidation : (Record no. 6102)

MARC details
000 -LEADER
fixed length control field 01032cam a2200265 a 4500
003 - CONTROL NUMBER IDENTIFIER
control field OSt
005 - DATE AND TIME OF LATEST TRANSACTION
control field 20260206105334.0
008 - FIXED-LENGTH DATA ELEMENTS--GENERAL INFORMATION
fixed length control field 951012s1996 mdua b 001 0 eng
020 ## - INTERNATIONAL STANDARD BOOK NUMBER
International Standard Book Number 0801851572
Qualifying information hbk. : acid-free paper
020 ## - INTERNATIONAL STANDARD BOOK NUMBER
International Standard Book Number 0801851580
Qualifying information pbk. : acid-free paper
020 ## - INTERNATIONAL STANDARD BOOK NUMBER
International Standard Book Number 9780801851582
Qualifying information (pbk. : acid-free paper)
040 ## - CATALOGING SOURCE
Original cataloging agency KABLIB
Transcribing agency KABLIB
Language of cataloging eng
Description conventions rda
082 00 - DEWEY DECIMAL CLASSIFICATION NUMBER
Classification number 321
Edition number 23
Item number LIN
100 1# - MAIN ENTRY--PERSONAL NAME
Personal name Linz, Juan J.
Fuller form of name (Juan José),
9 (RLIN) 15507
245 10 - TITLE STATEMENT
Title Problems of democratic transition and consolidation :
Remainder of title southern Europe, South America, and post-communist Europe /
Statement of responsibility, etc. Juan J. Linz and Alfred Stepan.
260 ## - PUBLICATION, DISTRIBUTION, ETC.
Place of publication, distribution, etc. Baltimore :
Name of publisher, distributor, etc. Johns Hopkins University Press,
Date of publication, distribution, etc. 1996.
300 ## - PHYSICAL DESCRIPTION
Extent xx, 479 p. :
Other physical details ill. ;
Dimensions 24 cm.
504 ## - BIBLIOGRAPHY, ETC. NOTE
Bibliography, etc. note Includes bibliographical references and index.
650 #0 - SUBJECT ADDED ENTRY--TOPICAL TERM
Topical term or geographic name entry element Democracy
General subdivision History
9 (RLIN) 15365
650 #0 - SUBJECT ADDED ENTRY--TOPICAL TERM
Topical term or geographic name entry element Democracy
Geographic subdivision Europe, Southern.
9 (RLIN) 15140
650 #0 - SUBJECT ADDED ENTRY--TOPICAL TERM
Topical term or geographic name entry element Democracy
Geographic subdivision South America.
9 (RLIN) 15508
650 #0 - SUBJECT ADDED ENTRY--TOPICAL TERM
Topical term or geographic name entry element Democracy
Geographic subdivision Europe, Eastern.
9 (RLIN) 15142
700 1# - ADDED ENTRY--PERSONAL NAME
Personal name Stepan, Alfred C.
9 (RLIN) 15156
942 ## - ADDED ENTRY ELEMENTS (KOHA)
Source of classification or shelving scheme Dewey Decimal Classification
Koha item type Book
Holdings
Withdrawn status Lost status Source of classification or shelving scheme Damaged status Not for loan Home library Current library Shelving location Date acquired Source of acquisition Total Checkouts Full call number Barcode Date last seen Price effective from Koha item type
    Dewey Decimal Classification     Mukombe Library Mukombe Library Open Access Section 06.02.2026 Donation   321 LIN 14573 06.02.2026 06.02.2026 Book

Kabale University Library | Kabale University P.O Box 317, Kabale, Uganda
Tel : +256754017033, +256774661503 E-mail : library@kab.ac.ug